Portuguese football clubs by badge - Statistics

General Stats
  • This quiz has been taken 111 times
  • The average score is 29 of 38
Answer Stats
Picture Answer % Correct
Sporting CP
99%
Portimonense
98%
Porto
98%
Benfica
97%
Sporting de Braga
97%
Nacional
95%
Santa Clara
95%
Boavista
92%
Marítimo
91%
Feirense
89%
Leixões
89%
Vitória de Setúbal
87%
Estoril Praia
86%
Arouca
85%
Rio Ave
85%
Vitória de Guimarães
85%
Paços de Ferreira
84%
Famalicão
83%
Varzim
83%
Tondela
82%
Mafra
81%
Casa Pia
79%
Gil Vicente
79%
Moreirense
74%
Chaves
72%
Estrela da Amadora
72%
Académica de Coimbra
69%
Farense
68%
Belenenses
67%
Vizela
67%
Penafiel
54%
B-SAD
52%
Sporting da Covilhã
49%
Oliveirense
47%
Académico de Viseu
45%
Trofense
44%
Vilafranquense
40%
Toreense
29%
No matching quizzes found
Score Distribution
Percent of People with Each Score
Percentile by Number Answered
Your Score History
You have not taken this quiz